[Event "Mondiale Lampo FIDE 2019"]
[Site "Mosca"]
[Date "30.12.2019"]
[Round "17.53"]
[White "Petrosian, Tigran L."]
[Black "Kazhgaleyev, Murtas"]
[Result "0-1"]
[WhiteTitle "GM"]
[BlackTitle "GM"]
[WhiteElo "2601"]
[BlackElo "2569"]
[WhiteFideId "13301616"]
[BlackFideId "13700316"]
[EventDate "2019.12.29"]

1. Nf3 g6 2. g3 Bg7 3. Bg2 e5 4. d3 d6 5. c4 f5 6. Nc3 h6 7. O-O Nf6 8. b4 Nc6
9. b5 Ne7 10. Rb1 O-O 11. c5 Be6 12. Ba3 Rc8 13. Qa4 g5 14. Rfc1 g4 15. Nd2 d5
16. c6 b6 17. Rd1 f4 18. e4 fxe3 19. fxe3 Rf7 20. Rf1 h5 21. e4 d4 22. Bxe7 Rxe7
23. Nd5 Rf7 24. Qc4 Bh6 25. Rbd1 Kg7 26. Qc2 h4 27. Nc4 hxg3 28. Nxe5 Nxd5 29.
exd5 Qh4 30. Rxf7+ Bxf7 31. Be4 Be3+ 32. Kh1 Rh8 33. Rd2 g2+ 34. Kxg2 Qxh2+ 35.
Kf1 Qg1+ 0-1

[Event "Mondiale Lampo FIDE 2019"]
[Site "Mosca"]
[Date "30.12.2019"]
[Round "17.54"]
[White "Vishnu Prasanna, V"]
[Black "Belov, Vladimir"]
[Result "1-0"]
[WhiteTitle "GM"]
[BlackTitle "GM"]
[WhiteElo "2493"]
[BlackElo "2598"]
[WhiteFideId "5030692"]
[BlackFideId "4132394"]
[EventDate "2019.12.29"]

1. d4 Nf6 2. c4 g6 3. Nc3 d5 4. cxd5 Nxd5 5. e4 Nxc3 6. bxc3 Bg7 7. Bc4 c5 8.
Ne2 Nc6 9. Be3 O-O 10. O-O Bg4 11. f3 Bd7 12. Rc1 Qc7 13. Qd2 Rad8 14. Bd3 Bc8
15. f4 cxd4 16. cxd4 Qa5 17. Qxa5 Nxa5 18. d5 b6 19. Rc7 f5 20. Rfc1 fxe4 21.
Bxe4 Bf5 22. Bf3 e6 23. g4 Bd3 24. dxe6 Rfe8 25. e7 Rd6 26. f5 gxf5 27. Nf4 Be4
28. Be2 Kf7 29. gxf5 Rxe7 30. Ne6 Bxf5 31. Nxg7 Bg6 32. Rxe7+ Kxe7 33. Nh5 Re6
34. Kf2 Be4 35. Bg5+ Kd6 36. Nf4 Re8 37. Nd3 Nc6 38. Bf4+ Kd5 39. Nb2 Na5 40.
Na4 Bg6 41. Nc3+ Ke6 42. Bg4+ Kf7 43. Nd5 Re4 44. Rc7+ Ke8 45. Nf6+ 1-0

[Event "Mondiale Lampo FIDE 2019"]
[Site "Mosca"]
[Date "30.12.2019"]
[Round "17.55"]
[White "Jumabayev, Rinat"]
[Black "Rychagov, Andrey"]
[Result "1-0"]
[WhiteTitle "GM"]
[BlackTitle "GM"]
[WhiteElo "2646"]
[BlackElo "2545"]
[WhiteFideId "13702661"]
[BlackFideId "4119932"]
[EventDate "2019.12.29"]

1. c4 e6 2. g3 d5 3. Bg2 Nf6 4. Nf3 Be7 5. O-O O-O 6. b3 b6 7. Bb2 Bb7 8. e3 c5
9. Nc3 a6 10. cxd5 Nxd5 11. Nxd5 Bxd5 12. Qe2 Bf6 13. Bxf6 Qxf6 14. Rfd1 Nd7 15.
d4 cxd4 16. e4 Bb7 17. Nxd4 Qe7 18. Rac1 Rac8 19. e5 Nc5 20. b4 Bxg2 21. Kxg2
Qb7+ 22. Qf3 Qxf3+ 23. Kxf3 Nd7 24. Ke4 f5+ 25. Kf4 Rxc1 26. Rxc1 h6 27. h4 Re8
28. h5 Nf8 29. Rc6 g5+ 30. Ke3 b5 31. Rxa6 Kf7 32. Nxb5 Rb8 33. Nd6+ Kg8 34. a3
Nd7 35. f4 Nb6 36. Kd4 gxf4 37. gxf4 Nd5 38. Nxf5 Nxf4 39. Ke4 Nh3 40. Nxh6+ Kg7
41. Ng4 Ng5+ 42. Kf4 Nh3+ 43. Ke3 Rc8 44. Ra7+ Kf8 45. h6 Ng5 46. Nf6 Nf7 47. h7
Kg7 48. b5 Kg6 49. Kd4 Rd8+ 50. Rd7 Ra8 51. b6 Ra4+ 52. Kc5 Rh4 53. Rxf7 1-0

[Event "Mondiale Lampo FIDE 2019"]
[Site "Mosca"]
[Date "30.12.2019"]
[Round "17.56"]
[White "Esipenko, Andrey"]
[Black "Ismagambetov, Anuar"]
[Result "1-0"]
[WhiteTitle "GM"]
[BlackTitle "GM"]
[WhiteElo "2642"]
[BlackElo "2528"]
[WhiteFideId "24175439"]
[BlackFideId "13701525"]
[EventDate "2019.12.29"]

1. d4 Nf6 2. c4 g6 3. Nc3 Bg7 4. e4 d6 5. Nf3 O-O 6. Be2 e5 7. O-O Nc6 8. d5 Ne7
9. b4 Nh5 10. Re1 a5 11. bxa5 Rxa5 12. a4 Nf4 13. Bf1 h6 14. Ra3 f5 15. exf5
gxf5 16. Bxf4 exf4 17. Nd4 Ng6 18. Ne6 Bxe6 19. Rxe6 Qg5 20. Nb5 Rf7 21. Rh3 Ne5
22. Nd4 Ra8 23. Nf3 Nxf3+ 24. Rxf3 b6 25. Rh3 Rf6 26. Re7 Rf7 27. Rxf7 Kxf7 28.
Rh5 Qg4 29. Be2 f3 30. Bxf3 Qxc4 31. Rxf5+ Kg8 32. Qe1 Qxa4 33. Qe6+ Kh8 34. g3
Qe8 35. Rf7 Qxe6 36. dxe6 Ra1+ 37. Kg2 Re1 38. e7 Kh7 39. Bc6 Kg8 40. e8=Q+ Rxe8
41. Bxe8 c5 42. Rf5 c4 43. Bf7+ 1-0

[Event "Mondiale Lampo FIDE 2019"]
[Site "Mosca"]
[Date "30.12.2019"]
[Round "17.57"]
[White "Petrosyan, Manuel"]
[Black "Utegaliyev, Azamat"]
[Result "0-1"]
[WhiteTitle "GM"]
[WhiteElo "2613"]
[BlackElo "2502"]
[WhiteFideId "13300857"]
[BlackFideId "13702467"]
[EventDate "2019.12.29"]

1. c4 Nf6 2. Nc3 g6 3. g3 Bg7 4. Bg2 d6 5. Nf3 O-O 6. d4 c6 7. O-O Bf5 8. Nh4
Be6 9. b3 Qc8 10. e4 Bh3 11. Re1 Bxg2 12. Kxg2 e5 13. dxe5 dxe5 14. Nf3 Rd8 15.
Qc2 Nh5 16. h3 Nd7 17. Bg5 Re8 18. Be3 Nf8 19. Rad1 Ne6 20. Na4 Qc7 21. Nc5 Nf8
22. b4 b6 23. Nb3 Ne6 24. Rd2 Red8 25. Red1 Bf8 26. c5 Rxd2 27. Rxd2 Nf6 28. a4
bxc5 29. Nxc5 Bxc5 30. bxc5 Ne8 31. Qc3 f6 32. Qc4 Kf7 33. Qa6 Rb8 34. h4 Qb7
35. Qa5 Ke7 36. Rd3 Qc7 37. Qa6 Qb7 38. Qa5 Qc7 39. Qa6 Qb7 40. Qa5 Qc7 41. Qd2
Rd8 42. Ne1 Rxd3 43. Nxd3 Qb7 44. f3 Qb3 45. Bf2 Qxa4 46. Qb2 Qb5 47. Qc2 a5 48.
Nb2 Qb4 49. Nd3 Qb5 50. Nb2 h5 51. Nc4 a4 52. Qc3 Qb3 53. Qc1 N8c7 54. Nd6 Nb5
55. Qh6 Nxd6 56. cxd6+ Kxd6 57. Qxg6 a3 58. Qg8 a2 59. Qa8 Qb2 60. Qa5 a1=Q 0-1

[Event "Mondiale Lampo FIDE 2019"]
[Site "Mosca"]
[Date "30.12.2019"]
[Round "17.58"]
[White "Kezin, Roman"]
[Black "Ganguly, Surya Shekhar"]
[Result "1-0"]
[WhiteTitle "IM"]
[BlackTitle "GM"]
[WhiteElo "2470"]
[BlackElo "2633"]
[WhiteFideId "24124621"]
[BlackFideId "5002150"]
[EventDate "2019.12.29"]

1. d4 Nf6 2. c4 e6 3. g3 d5 4. Bg2 Be7 5. Nf3 O-O 6. O-O dxc4 7. Qc2 a6 8. a4
Bd7 9. Bg5 Bc6 10. Bxf6 Bxf6 11. Rd1 Bxf3 12. Bxf3 Nc6 13. Bxc6 bxc6 14. Na3 c5
15. dxc5 Qe7 16. c6 Rab8 17. Nxc4 Qc5 18. Rac1 Qxc6 19. b3 Qc5 20. Rd3 h5 21.
Ne3 Qa3 22. Nc4 Qc5 23. Nd2 Qe5 24. Nf3 Qe4 25. Qc6 Qxe2 26. Rd2 Rb6 27. Rxe2 1-0

[Event "Mondiale Lampo FIDE 2019"]
[Site "Mosca"]
[Date "30.12.2019"]
[Round "17.59"]
[White "Santos Ruiz, Miguel"]
[Black "Alekseenko, Kirill"]
[Result "1-0"]
[WhiteTitle "GM"]
[BlackTitle "GM"]
[WhiteElo "2585"]
[BlackElo "2704"]
[WhiteFideId "22291482"]
[BlackFideId "4135539"]
[EventDate "2019.12.29"]

1. e4 e5 2. Nf3 Nc6 3. Bc4 Bc5 4. c3 Nf6 5. d3 d6 6. O-O a6 7. a4 Ba7 8. Nbd2 h6
9. Re1 g5 10. Nf1 g4 11. N3d2 Nh5 12. Ne3 Nf4 13. Ndf1 h5 14. Nd5 Nxd5 15. exd5
Ne7 16. d4 f6 17. Ng3 h4 18. Ne4 Ng6 19. Bd3 Kf7 20. Qc2 Qg8 21. Be3 Rh5 22. Re2
Bd7 23. Rf1 Qg7 24. f4 exd4 25. cxd4 Bb6 26. Qb3 a5 27. Nxd6+ Kg8 28. Nc4 Kh8
29. Nxb6 cxb6 30. Qxb6 Bf5 31. Bb5 Be4 32. d6 h3 33. g3 Qf7 34. d7 Rd5 35. Bd2
f5 36. Bc4 Kh7 37. d8=Q Raxd8 38. Qxd8 Qg7 39. Bxd5 Qxd4+ 40. Be3 Qd3 41. Bg8+ 1-0

[Event "Mondiale Lampo FIDE 2019"]
[Site "Mosca"]
[Date "30.12.2019"]
[Round "17.60"]
[White "Kamsky, Gata"]
[Black "Murzin, Volodar"]
[Result "1-0"]
[WhiteTitle "GM"]
[BlackTitle "IM"]
[WhiteElo "2677"]
[BlackElo "2442"]
[WhiteFideId "2000024"]
[BlackFideId "44155573"]
[EventDate "2019.12.29"]

1. e4 c6 2. d4 d5 3. exd5 cxd5 4. Bd3 Nc6 5. c3 g6 6. Nf3 Bf5 7. Bxf5 gxf5 8.
Bf4 e6 9. h3 Nge7 10. g4 Ng6 11. Bg5 Be7 12. Bxe7 Ncxe7 13. Qd2 h5 14. g5 h4 15.
Na3 Nc6 16. Nc2 Qd6 17. O-O-O Qf4 18. Qxf4 Nxf4 19. Kd2 Kd7 20. Ke3 Ng2+ 21. Kd2
Rag8 22. Rdg1 Nf4 23. Nce1 b5 24. Ke3 Ng6 25. Nd3 Kd6 26. a4 Rb8 27. axb5 Rxb5
28. Ra1 a5 29. Ra4 Rhb8 30. Rc1 Rxb2 31. Nxb2 Rxb2 32. Ne1 f4+ 33. Kf3 e5 34.
dxe5+ Ncxe5+ 35. Kg2 Nc4 36. Rc2 Rxc2 37. Nxc2 Kc5 38. Nd4 Nge5 39. Ra1 Nd3 40.
Kf3 Nce5+ 41. Ke2 Kb6 42. Nb3 f3+ 43. Ke3 Nb2 44. Nxa5 Kb5 45. Nb3 Kc4 46. Nd4
Kxc3 47. Rc1+ Kb4 48. Nc6+ Nxc6 49. Rxc6 Nd1+ 50. Kxf3 d4 51. Ke2 Nb2 52. Rc7
Kb3 53. f4 Nc4 54. Kd3 Nd6 55. Rd7 1-0

[Event "Mondiale Lampo FIDE 2019"]
[Site "Mosca"]
[Date "30.12.2019"]
[Round "17.62"]
[White "Alonso Rosell, Alvar"]
[Black "Kim, Alexey"]
[Result "0-1"]
[WhiteTitle "GM"]
[BlackTitle "GM"]
[WhiteElo "2548"]
[BlackElo "2464"]
[WhiteFideId "2270544"]
[BlackFideId "4129776"]
[EventDate "2019.12.29"]

1. d4 d5 2. c4 e6 3. Nf3 Nf6 4. g3 Be7 5. Bg2 O-O 6. O-O c6 7. Nc3 b6 8. Nd2 Ba6
9. b3 Nbd7 10. e4 dxc4 11. Nxc4 Bxc4 12. bxc4 e5 13. Be3 Bb4 14. Qb3 exd4 15.
Bxd4 Nc5 16. Bxc5 Bxc5 17. Rad1 Qc7 18. Na4 Be7 19. f4 Rad8 20. e5 Nd7 21. Qf3
b5 22. cxb5 cxb5 23. Nc3 Nb6 24. Kh1 Rxd1 25. Rxd1 b4 26. Nb5 Qc4 27. Nxa7 Qxa2
28. Nc6 Bc5 29. Rd3 Nc4 30. Bf1 b3 31. Rxb3 Nd2 32. Qe2 Qxb3 33. Qxd2 Qb7 34.
Qd5 Rc8 35. Bg2 Qb1+ 0-1

[Event "Mondiale Lampo FIDE 2019"]
[Site "Mosca"]
[Date "30.12.2019"]
[Round "17.63"]
[White "Tran, Tuan Minh"]
[Black "Kazakouski, Valery"]
[Result "1/2-1/2"]
[WhiteTitle "GM"]
[BlackTitle "IM"]
[WhiteElo "2529"]
[BlackElo "2485"]
[WhiteFideId "12401820"]
[BlackFideId "13507443"]
[EventDate "2019.12.29"]

1. d4 Nf6 2. c4 e6 3. Nc3 Bb4 4. e3 b6 5. Ne2 Ba6 6. a3 Bxc3+ 7. Nxc3 d5 8. Be2
O-O 9. cxd5 Bxe2 10. Qxe2 exd5 11. O-O Re8 12. Bd2 c5 13. dxc5 bxc5 14. Rfd1
Nbd7 15. Rac1 Qe7 16. Qa6 Qe6 17. Qa5 Qb6 18. Na4 Qxa5 19. Bxa5 Rec8 20. Bc3 c4
21. Bd4 Rc6 22. Nc3 Rb8 23. Bxa7 Rxb2 24. Nxd5 Kf8 25. Nb4 Rc7 26. Bd4 Rb3 27.
Rc3 Ne4 28. Rxb3 cxb3 29. f3 Nec5 30. Rb1 f6 31. Kf2 Kf7 32. Ke2 Ke6 33. Kd2 Rc8
34. Nd3 Nxd3 35. Kxd3 Rc2 36. g4 Rxh2 37. Rxb3 Rf2 38. Ke4 g6 39. Rc3 f5+ 40.
gxf5+ gxf5+ 41. Kf4 h5 42. Rc6+ Kd5 43. Rh6 Rh2 44. Kxf5 Rh3 45. Kf4 Nf8 46. Bg7
Ne6+ 47. Kf5 Nxg7+ 48. Kg6 Ne6 49. Rxh5+ Rxh5 50. Kxh5 Ke5 51. Kg4 Nc5 52. Kg5
Ke6 53. f4 Ne4+ 54. Kg6 Nc5 55. f5+ Ke7 56. f6+ Ke6 57. Kg7 Kd5 58. f7 Ne6+ 59.
Kg8 Kc4 60. e4 Kd4 61. a4 Kxe4 62. a5 Kd5 63. Kh7 Kc6 64. Kg6 Kb7 65. Kf6 Nf8
66. Ke7 Nh7 67. Ke6 Nf8+ 68. Ke7 Nh7 69. Kd6 Ka6 70. Ke5 Kxa5 1/2-1/2

[Event "Mondiale Lampo FIDE 2019"]
[Site "Mosca"]
[Date "30.12.2019"]
[Round "17.64"]
[White "Dragnev, Valentin"]
[Black "Khusnutdinov, Rustam"]
[Result "0-1"]
[WhiteTitle "GM"]
[BlackTitle "GM"]
[WhiteElo "2553"]
[BlackElo "2491"]
[WhiteFideId "1634852"]
[BlackFideId "13701703"]
[EventDate "2019.12.29"]

1. d4 Nf6 2. c4 e6 3. Nf3 d5 4. g3 dxc4 5. Bg2 Bd7 6. Qc2 Bc6 7. Qxc4 Nbd7 8.
Nc3 Bd6 9. O-O O-O 10. Rd1 Qe7 11. Bf4 Rad8 12. Rac1 Nb6 13. Qb3 Bxf4 14. gxf4
Bxf3 15. Bxf3 c6 16. e3 Nbd5 17. Kh1 g6 18. Rg1 Kh8 19. Qc2 Ne8 20. Ne4 Nd6 21.
Ng5 Nf5 22. Be4 Nf6 23. Bg2 Nh4 24. Qe2 Qd7 25. a3 Rc8 26. Rc2 Rfd8 27. Rgc1 Kg7
28. Nf3 Nxg2 29. Kxg2 Nd5 30. Ne5 Qe7 31. b4 a6 32. Kh1 Qf6 33. Qg4 Rc7 34. Rg1
Kh8 35. Rg3 Re7 36. Rc1 Qf5 37. Qxf5 exf5 38. Rgg1 Nf6 39. Rc2 Ne4 40. Kg2 f6
41. Nd3 g5 42. fxg5 fxg5 43. Ne5 Kg7 44. f3 Nd6 45. Kf2 Kf6 46. h4 gxh4 47. Rcc1
f4 48. Ng4+ Ke6 49. exf4 Nf5 50. Rge1+ Kd6 51. Ne5 Kc7 52. Rg1 Rxd4 53. Rg5 Nd6
54. Rh5 Rxf4 55. Nd3 Rd4 56. Nc5 Rd2+ 57. Kf1 b6 58. Nxa6+ Kb7 59. b5 Nxb5 60.
Nb4 Nd4 61. Rxh4 Nxf3 62. Nxc6 Rg7 63. Rh1 Rc7 64. Na5+ bxa5 65. Rxc7+ Kxc7 66.
Rxh7+ Rd7 67. Rh3 Nd2+ 68. Ke2 Ne4 69. Re3 Nc5 70. Re5 Kd6 71. Rh5 Kc6 72. Rg5
Kb5 73. Re5 Kc4 74. Ke3 Rd6 75. Ke2 Re6 76. Rxe6 Nxe6 77. Kd2 Kb3 78. Kc1 Kxa3
79. Kb1 Kb3 80. Ka1 a4 81. Kb1 a3 82. Ka1 Nd4 83. Kb1 a2+ 0-1

[Event "Mondiale Lampo FIDE 2019"]
[Site "Mosca"]
[Date "30.12.2019"]
[Round "17.65"]
[White "Vastrukhin, Oleg"]
[Black "Piorun, Kacper"]
[Result "1/2-1/2"]
[WhiteTitle "IM"]
[BlackTitle "GM"]
[WhiteElo "2428"]
[BlackElo "2611"]
[WhiteFideId "4192770"]
[BlackFideId "1130420"]
[EventDate "2019.12.29"]

1. Nf3 Nf6 2. g3 g6 3. Bg2 Bg7 4. O-O O-O 5. d4 d6 6. a4 a5 7. Nc3 c6 8. e4 Nbd7
9. h3 e5 10. dxe5 dxe5 11. Be3 Qc7 12. Nd2 b6 13. Nb3 Re8 14. Qf3 Nf8 15. Rfd1
Ne6 16. Rd2 c5 17. Nd5 Nxd5 18. exd5 Bb7 19. d6 Bxf3 20. dxc7 Bxg2 21. Kxg2 Nxc7
22. Rd6 Rab8 23. Rad1 Ne6 24. c3 f5 25. f3 f4 26. Bf2 fxg3 27. Bxg3 Nf4+ 28.
Bxf4 exf4 29. Kf2 Bf8 30. Rc6 Be7 31. Kf1 Bh4 32. Rcd6 Re3 33. Nd2 Rbe8 34. Rd7
Re1+ 35. Rxe1 Rxe1+ 36. Kg2 Re2+ 37. Kg1 Rf2 38. Rd3 Re2 39. Nc4 Re6 40. Kf1
Re1+ 41. Kg2 Re2+ 42. Kf1 Rh2 43. Nxb6 Rxb2 44. Nc4 Ra2 45. Nxa5 Rxa4 46. Nb7
Ra1+ 47. Kg2 Ra2+ 48. Kg1 Rc2 49. Nd6 Bf2+ 50. Kf1 Be3 51. Ne4 Rh2 52. Rd7 Rh1+
53. Kg2 Rg1+ 54. Kh2 Rf1 55. Kg2 Rg1+ 56. Kh2 Rc1 57. Nf6+ Kf8 58. Nxh7+ Ke8 59.
Nf6+ Kf8 60. Nh7+ Ke8 61. Nf6+ 1/2-1/2

[Event "Mondiale Lampo FIDE 2019"]
[Site "Mosca"]
[Date "30.12.2019"]
[Round "17.66"]
[White "Zarnicki, Pablo"]
[Black "Suleymanli, Aydin"]
[Result "0-1"]
[WhiteTitle "GM"]
[BlackTitle "IM"]
[WhiteElo "2514"]
[BlackElo "2473"]
[WhiteFideId "100137"]
[BlackFideId "13413937"]
[EventDate "2019.12.29"]

1. e4 c6 2. d4 d5 3. Nc3 dxe4 4. Nxe4 Bf5 5. Ng3 Bg6 6. N1e2 e6 7. Nf4 Bd6 8. h4
Qc7 9. Nfh5 Bxh5 10. Nxh5 g6 11. Ng3 Bxg3 12. fxg3 Qxg3+ 13. Ke2 Nf6 14. Rh3 Qd6
15. Bg5 Nbd7 16. Qd3 O-O-O 17. Rf3 e5 18. Qa3 Qxa3 19. bxa3 Nd5 20. Bxd8 Rxd8
21. Rxf7 exd4 22. g3 Re8+ 23. Kd2 N7f6 24. Rb1 Ne4+ 25. Kd3 Nd6 26. Bh3+ Kb8 27.
Rd7 Re3+ 28. Kxd4 Re4+ 29. Kd3 Re3+ 0-1

[Event "Mondiale Lampo FIDE 2019"]
[Site "Mosca"]
[Date "30.12.2019"]
[Round "17.67"]
[White "Xu, Yinglun"]
[Black "Riazantsev, Alexander"]
[Result "1/2-1/2"]
[WhiteTitle "GM"]
[BlackTitle "GM"]
[WhiteElo "2555"]
[BlackElo "2639"]
[WhiteFideId "8604940"]
[BlackFideId "4125029"]
[EventDate "2019.12.29"]

1. d4 Nf6 2. c4 e6 3. Nf3 d5 4. Nc3 Be7 5. Bg5 h6 6. Bxf6 Bxf6 7. e3 O-O 8. Rc1
c6 9. Bd3 Nd7 10. O-O dxc4 11. Bxc4 e5 12. d5 Nb6 13. b3 Bf5 14. dxc6 bxc6 15.
e4 Bg6 16. Be2 Qe7 17. Qc2 Rac8 18. h3 Bh5 19. Rfd1 Rfe8 20. Ne1 Bg6 21. Nf3
Red8 22. Ba6 Rb8 23. Rxd8+ Rxd8 24. Nd1 Nd5 25. Bc4 Nf4 26. Ne3 Bg5 27. Re1 Bh5
28. Nxg5 Qxg5 29. Kh2 Nxg2 30. Nxg2 Rd2 31. Qc1 Bf3 32. Bf1 Bxg2 33. Bxg2 Qf4+
34. Kh1 Qxf2 35. Rg1 Rc2 36. Qe1 Rxa2 37. Qxf2 Rxf2 38. Rc1 Rb2 39. Rc3 Kf8 40.
Rxc6 Rxb3 41. Rc8+ Ke7 42. Rc7+ Kf6 43. Rxa7 Rb1+ 44. Kh2 h5 45. h4 g6 46. Kg3
Rb3+ 47. Bf3 Rc3 48. Rd7 Ra3 49. Kf2 Ra2+ 50. Be2 Ke6 51. Rb7 f5 52. Rb6+ Kf7
53. exf5 gxf5 54. Ke1 Ra1+ 55. Kd2 Ra2+ 56. Ke1 Ra1+ 57. Kf2 Ra2 58. Kf1 Ra1+
59. Kf2 1/2-1/2

[Event "Mondiale Lampo FIDE 2019"]
[Site "Mosca"]
[Date "30.12.2019"]
[Round "17.68"]
[White "Sjugirov, Sanan"]
[Black "Antipov, Mikhail Al."]
[Result "0-1"]
[WhiteTitle "GM"]
[BlackTitle "GM"]
[WhiteElo "2665"]
[BlackElo "2549"]
[WhiteFideId "4189302"]
[BlackFideId "4107012"]
[EventDate "2019.12.29"]

1. Nf3 Nf6 2. g3 g6 3. b3 Bg7 4. Bb2 O-O 5. Bg2 d5 6. c4 c6 7. O-O a5 8. Nc3 Ne4
9. Na4 Nf6 10. d3 Nbd7 11. Rc1 e6 12. Nc3 Re8 13. d4 b6 14. Re1 Bb7 15. cxd5
exd5 16. e3 Rc8 17. a3 c5 18. dxc5 bxc5 19. Re2 Nb6 20. Rec2 Qe7 21. Nb5 a4 22.
bxa4 Nxa4 23. Ba1 Nb6 24. Nd2 Red8 25. Rb1 Bc6 26. Ra2 Ra8 27. a4 Qd7 28. Bf1 d4
29. exd4 Qd5 30. f3 Qxa2 0-1

[Event "Mondiale Lampo FIDE 2019"]
[Site "Mosca"]
[Date "30.12.2019"]
[Round "17.69"]
[White "Galkin, Alexander"]
[Black "Afanasiev, Nikita"]
[Result "1-0"]
[WhiteTitle "GM"]
[BlackTitle "IM"]
[WhiteElo "2611"]
[BlackElo "2517"]
[WhiteFideId "4120426"]
[BlackFideId "24183555"]
[EventDate "2019.12.29"]

1. Nf3 Nf6 2. d4 g6 3. Bf4 Bg7 4. e3 O-O 5. Be2 d6 6. c4 Nc6 7. Nc3 Nd7 8. O-O
e5 9. Bg3 f5 10. Bh4 Bf6 11. Bxf6 Qxf6 12. Nd5 Qd8 13. dxe5 dxe5 14. b4 a5 15.
a3 Ne7 16. c5 e4 17. Nxe7+ Qxe7 18. Bc4+ Kg7 19. Qd4+ Qf6 20. Qxf6+ Kxf6 21. Nd4
Ne5 22. Be2 axb4 23. axb4 Bd7 24. f3 exf3 25. gxf3 Nc6 26. Nxc6 bxc6 27. Ra5
Rab8 28. Rb1 Rfd8 29. Ra7 Be6 30. Rxc7 Rd2 31. Bf1 Bd5 32. b5 cxb5 33. Rd7 b4
34. c6 Ke6 35. Bc4 Bxc4 36. Rxd2 b3 37. Rd4 Bd5 38. c7 Rc8 39. e4 fxe4 40. fxe4
Bb7 41. Rxb3 Rxc7 42. Rb5 Rf7 43. e5 Ba8 44. Rd6+ Ke7 45. Ra6 Be4 46. Ra7+ Kf8
47. Rxf7+ Kxf7 48. Rb6 g5 1-0

[Event "Mondiale Lampo FIDE 2019"]
[Site "Mosca"]
[Date "30.12.2019"]
[Round "17.70"]
[White "Khanin, Semen"]
[Black "Pashikian, Arman"]
[Result "1/2-1/2"]
[WhiteTitle "IM"]
[BlackTitle "GM"]
[WhiteElo "2500"]
[BlackElo "2605"]
[WhiteFideId "4111990"]
[BlackFideId "13301578"]
[EventDate "2019.12.29"]

1. e4 e5 2. Nf3 Nc6 3. Bb5 Nf6 4. O-O Nxe4 5. d4 Nd6 6. dxe5 Nxb5 7. a4 Nbd4 8.
Nxd4 d6 9. exd6 Bxd6 10. Nxc6 bxc6 11. Re1+ Be6 12. Nc3 O-O 13. Ne4 Be7 14. Be3
Bd5 15. Qd3 Re8 16. Rad1 Bb4 17. Nc3 Qh4 18. f3 Be6 19. Bf2 Qh5 20. Re4 Bf8 21.
Rh4 Qf5 22. Qxf5 Bxf5 23. Rc4 c5 24. Nb5 Re2 25. Bxc5 c6 26. Nd4 Be6 27. Rc3
Bxc5 28. Rxc5 Rd8 29. Nxe2 Rxd1+ 30. Kf2 Bd5 31. c4 Be6 32. Rxc6 h5 33. h4 Rb1
34. Rc7 Rxb2 35. Ke3 a5 36. Nd4 Rxg2 37. Nxe6 fxe6 38. Rc5 g6 39. Rxa5 Rh2 40.
Rc5 Rxh4 41. a5 Rh1 42. a6 Ra1 43. Rc6 Kf7 44. Rc7+ Kf6 45. a7 Ra2 46. c5 h4 47.
c6 h3 48. Rh7 h2 49. c7 Rxa7 50. c8=Q Rxh7 51. Qf8+ Ke5 52. Qc5+ Kf6 53. Qf8+
Ke5 54. Qf4+ Kd5 55. Qe4+ Kd6 56. Qd4+ Kc6 57. Qc4+ Kd6 58. Qa6+ Kc5 59. Qa5+
Kc6 60. Qa6+ Kc5 61. Qa5+ Kc6 62. Qa4+ Kd6 63. Qa6+ Kc5 64. Qa5+ 1/2-1/2

[Event "Mondiale Lampo FIDE 2019"]
[Site "Mosca"]
[Date "30.12.2019"]
[Round "17.71"]
[White "Popov, Ivan RUS"]
[Black "Potapov, Pavel"]
[Result "1-0"]
[WhiteTitle "GM"]
[BlackTitle "GM"]
[WhiteElo "2636"]
[BlackElo "2482"]
[WhiteFideId "4170350"]
[BlackFideId "4169786"]
[EventDate "2019.12.29"]

1. e4 g6 2. d4 Bg7 3. Nc3 d6 4. Be3 a6 5. Qd2 Nd7 6. h4 h5 7. Nh3 b5 8. Ng5 Bb7
9. O-O-O Nh6 10. f3 c5 11. dxc5 dxc5 12. Nd5 e6 13. Nf4 Bc6 14. Nfxe6 fxe6 15.
Nxe6 Qf6 16. Nxg7+ Qxg7 17. Qd6 Rc8 18. Bg5 Ng8 19. e5 Ne7 20. Bd3 c4 21. Bxe7
cxd3 22. Bf6 Nxf6 23. exf6 Qd7 24. Rhe1+ Kd8 25. Qf4 Bb7 26. c3 Re8 27. f7 Rf8
28. Qf6+ Kc7 29. Re7 Rcd8 30. Rxd3 1-0

[Event "Mondiale Lampo FIDE 2019"]
[Site "Mosca"]
[Date "30.12.2019"]
[Round "17.72"]
[White "Donchenko, Alexander"]
[Black "Gurvich, Vitaly"]
[Result "1-0"]
[WhiteTitle "GM"]
[BlackTitle "FM"]
[WhiteElo "2644"]
[BlackElo "2230"]
[WhiteFideId "24603295"]
[BlackFideId "24164852"]
[EventDate "2019.12.29"]

1. e4 c6 2. d4 d5 3. exd5 cxd5 4. Bd3 Nc6 5. c3 Nf6 6. Bf4 Bg4 7. Qb3 e5 8. dxe5
Nh5 9. Be3 Nxe5 10. Be2 Nf6 11. Nd2 Bxe2 12. Kxe2 Bd6 13. Ngf3 O-O 14. Nxe5 Bxe5
15. Nf3 Bd6 16. Rhd1 Qc7 17. h3 Bc5 18. Bxc5 Qxc5 19. Kf1 Rfe8 20. Rd4 b6 21.
Re1 Rxe1+ 22. Nxe1 h6 23. Nd3 Qe7 24. Qb4 Qe6 25. Nf4 Qf5 26. Qb3 Re8 27. Qd1 g5
28. Nxd5 Nxd5 29. Rxd5 Qe6 30. Rd8 Rxd8 31. Qxd8+ Kh7 32. Qd3+ Kg8 33. c4 Qe5
34. Qd8+ Kg7 35. Qd2 Qh2 36. Qd4+ Kg8 37. Qd5 Qh1+ 38. Ke2 Qb1 39. Qd8+ Kg7 40.
Qd4+ Kg8 41. a3 Qc2+ 42. Kf3 Qf5+ 43. Kg3 Qc2 44. Kh2 Qb3 45. g3 a5 46. Kg2 a4
47. Qc3 Qd1 48. Qe3 Qd6 49. Qe8+ Kg7 50. Qxa4 Qd4 51. Qb3 Kg8 52. Qc3 Qe4+ 53.
Kh2 Qe2 54. Qd4 b5 55. cxb5 Qxb5 56. a4 Qa5 57. b3 h5 58. h4 g4 59. Qe3 Qb4 60.
a5 Qxa5 61. Qg5+ Qxg5 62. hxg5 Kf8 63. Kg2 Ke7 64. f4 gxf3+ 65. Kxf3 Kd6 66. Kf4
Kc5 67. Kf5 Kb4 1-0

[Event "Mondiale Lampo FIDE 2019"]
[Site "Mosca"]
[Date "30.12.2019"]
[Round "17.73"]
[White "Reshetnikov, Alexey"]
[Black "Huzman, Alexander"]
[Result "1/2-1/2"]
[WhiteTitle "IM"]
[BlackTitle "GM"]
[WhiteElo "2492"]
[BlackElo "2567"]
[WhiteFideId "4162080"]
[BlackFideId "2803828"]
[EventDate "2019.12.29"]

1. b3 Nf6 2. Bb2 g6 3. e4 Bg7 4. Nf3 d6 5. Qe2 c5 6. h3 Nc6 7. g3 e5 8. Bg2 O-O
9. O-O Re8 10. Nc3 Nd4 11. Qd1 Bd7 12. d3 Nxf3+ 13. Qxf3 Bc6 14. Rae1 b5 15. Qd1
a6 16. f4 Nh5 17. Ne2 exf4 18. Bxg7 Nxg7 19. Nxf4 Qe7 20. c3 b4 21. cxb4 cxb4
22. d4 a5 23. Kh2 Bb7 24. Qd2 Rac8 25. Re3 Qc7 26. Qf2 Re7 27. Rfe1 Rce8 28. Qd2
Ne6 29. Nxe6 Rxe6 30. Qf2 Qe7 31. Qf4 Qf6 32. Qxf6 Rxf6 33. R3e2 Rfe6 34. Bf3
R6e7 35. Kg2 h6 36. e5 Bxf3+ 37. Kxf3 dxe5 38. Rxe5 Kf8 39. g4 f6 40. Rxe7 Rxe7
41. Rc1 Kf7 42. Rc5 Rd7 43. Ke4 Re7+ 44. Kd3 Re1 45. Rxa5 Rh1 46. d5 h5 47. Ra7+
Ke8 48. gxh5 Rxh3+ 49. Kc4 Rxh5 50. d6 Re5 51. Rg7 g5 52. Kxb4 Rd5 53. a4 Rxd6
54. a5 Rd7 55. Rg8+ Kf7 56. Rb8 g4 57. a6 g3 58. Rb7 Rxb7+ 1/2-1/2